Advanced Microsystems For Automotive Applications 2014 (Record no. 340017)

MARC details
000 -LEADER
fixed length control field 00609nam a2200169Ia 4500
008 - FIXED-LENGTH DATA ELEMENTS--GENERAL INFORMATION
fixed length control field 230718s9999 xx 000 0 und d
020 ## - INTERNATIONAL STANDARD BOOK NUMBER
International Standard Book Number 9783319080864
041 ## - LANGUAGE CODE
Language code of text/sound track or separate title eng
082 ## - DEWEY DECIMAL CLASSIFICATION NUMBER
Classification number 629.2'73
Item number FIS
100 ## - MAIN ENTRY--PERSONAL NAME
Personal name Fischer-Wolfarth J. (Editor)
9 (RLIN) 197701
245 ## - TITLE STATEMENT
Title Advanced Microsystems For Automotive Applications 2014
Remainder of title Smart Systems For Safe, Clean And Automated Vehicles
260 ## - PUBLICATION, DISTRIBUTION, ETC. (IMPRINT)
Date of publication, distribution, etc. 2014
Name of publisher, distributor, etc. Springer
300 ## - PHYSICAL DESCRIPTION
Extent 301
Accompanying material [OBSOLETE, CAN/MARC] Ref 1629 E (51224)
365 ## - TRADE PRICE
Currency code Rs.
Price amount 14325.00
700 ## - ADDED ENTRY--PERSONAL NAME
Personal name Fischer-Wolfarth J. (Editor) & Meyer G. (Editor)
9 (RLIN) 197702
906 ## - LOCAL DATA ELEMENT F, LDF (RLIN)
d O:0456810-Aug-2015B:177401-Jun-2015
c ETC
b 3581.25
Holdings
Withdrawn status Lost status Source of classification or shelving scheme Reference No Damaged status Not for loan Home library Current library Date acquired Vendor Budget Code Cost, normal purchase price Bill number Full call number Barcode Date last seen Discount Cost, replacement price Bill Date Koha item type Original Barcode
    Dewey Decimal Classification Ref 1629 E (51224)   Reference Cummins College of Engineering for Women Pune Cummins College of Engineering for Women Pune 10/08/2015 Vaibhav Book House ETC 10743.75 1774 629.2'73 CCEP-BK-51224 18/07/2023 3581.25 14325.00 01/06/2015 Books 051224